01135nam a2200193Ia 4500001001000000003001000010008004100020040002500061041001300086100003900099245003200138250001100170260008500181300001200266500026400278501011400542520026400656650002100920L225-5180IT-CnALBA170116s9999||||xx |||||||||||||| ||und|| aIT-CnALBAcIT-CnALBA aITALIANO aANASTASIO P. DEL SS. ROSARIO, OCD. 0aPAROLE DI UOMINI A CRISTO.  a1a ed. a MILANO BOLOGNAbANCORA EDITRICE c1970 [1° Ed.:1970 - Ed.Ling.Originale: 1970] a126 p.  aCONFERENZE DELLA RADIO VATICANA. PAROLE DI MARIA NEL TEMPIO. PAROLE DEL BATTISTA IN OCCASIONE DEL BATTESIMO DI GESÙ. NATANAELE: COME MI CONOSCI? MARIA: NON HANNO PIÙ VINO! FATE TUTTO QUELLO CHE EGLI VI DIRA'. NICODEMO: RABBI SAPPIAMO CHE SEI VENUTO DA DIO aSocietà San Paolo EM - Piazza San Paolo, 14 - 12051 ALBA (CN) (non commercial uses only) ® Copyright 2017 aCONFERENZE DELLA RADIO VATICANA. PAROLE DI MARIA NEL TEMPIO. PAROLE DEL BATTISTA IN OCCASIONE DEL BATTESIMO DI GESÙ. NATANAELE: COME MI CONOSCI? MARIA: NON HANNO PIÙ VINO! FATE TUTTO QUELLO CHE EGLI VI DIRA'. NICODEMO: RABBI SAPPIAMO CHE SEI VENUTO DA DIO aNUOVO TESTAMENTO